[Event "SVK-chT3B2 1112"]
[Site "Slovakia"]
[Date "2011.11.13"]
[Round "2.5"]
[White "Zakovic, Jozef"]
[Black "Hrdy, Milos"]
[Result "1/2-1/2"]
[WhiteElo "1851"]
[BlackElo "1790"]
[PlyCount "58"]
[EventDate "2011.10.23"]
[EventType "team-tourn"]
[EventRounds "9"]
[EventCountry "SVK"]
[SourceTitle "EXT 2013"]
[Source "ChessBase"]
[SourceDate "2012.11.22"]
[SourceVersion "1"]
[SourceVersionDate "2012.11.22"]
[SourceQuality "1"]
[WhiteTeam "Bojnice Start SO"]
[BlackTeam "Prievidza SK IV"]
[WhiteTeamCountry "SVK"]
[BlackTeamCountry "SVK"]

1. e4 e6 2. d4 d5 3. Nd2 Nf6 4. e5 Nfd7 5. f4 c5 6. c3 Nc6 7. Ndf3 cxd4 8. cxd4 a5 9. g3 Nb6 10. Bd3 Bd7 11. Ne2 Bb4+ 12. Bd2 Nc4 13. Bxc4 dxc4 14. Bc3 Ne7 15. 0-0 Nd5 16. Qd2 0-0 17. Bxb4 Nxb4 18. a3 Nd5 19. Ng5 f6 20. Ne4 Bc6 21. Nd6 b5 22. Rac1 fxe5 23. dxe5 Ne7 24. Nd4 Qb6 25. Qf2 Bd5 26. N4xb5 Rab8 27. Qxb6 Rxb6 28. Rf2 a4 29. Nc3 Ra8 1/2-1/2